Szczegóły MARC21

Analiza matematyczna. Cz. 3, Teoria miary i całki, równania różniczkowe /

003 -Nazwa inst., której nr kontr. jest w polu 001 [,]
    • @
    • Nazwa instytucji, której n kontrolny jest w polu 001
    • NUKAT
005 -DATA I CZAS OSTATNIEJ MODYFIKACJI [,]
    • @
    • pole kontrolne
    • 20241231095412.0
040 -Instytucja sporządzająca opis [ , ]
    • a
    • Instytucja, która sporządziła opis (NP)
    • WA 35/BJ
    • c
    • Instytucja, która sporządziła rekord (NP)
    • WA 35/BJ
942 -Rodzaj dokumentu [ , ]
    • c
    • Rodzaj dokumentu
    • Książka
100 -Hasło główne - nazwa osobowa [1, ]
    • a
    • Nazwa osobowa (NP)
    • Fudali, Stanisław
    • d
    • Daty biograficzne (NP)
    • (1929-2015).
    • 9
    • KHW
    • 44126
245 -Strefa tytułu i oznaczenia odpowiedzialności [1,0]
    • a
    • Tytuł
    • Analiza matematyczna. Find
    • n
    • Oznaczenie części (P)
    • Cz. 3,
    • p
    • Nazwa części (P)
    • Teoria miary i całki, równania różniczkowe /
    • c
    • Pozostałe elementy strefy tytułu i oznaczenia odpowiedzialności (NP)
    • Stanisław Fudali ; Uniwersytet Szczeciński.
246 -Wariant tytułu [3,0]
    • a
    • Tytuł (NP)
    • Teoria miary i całki, równania różniczkowe
260 -Strefa adresu wydawniczego [ , ]
    • a
    • Miejsce wydania (P)
    • Szczecin :
    • b
    • Nazwa wydawcy (P)
    • Wydawnictwo Naukowe Uniwersytetu Szczecińskiego,
    • c
    • Data wydania (P)
    • 1991.
300 -Strefa opisu fizycznego [ , ]
    • a
    • Określenie formy książki i/lub objętość (NP)
    • 257 s. :
    • b
    • Oznaczenie ilustracji (NP)
    • il. ;
    • c
    • Format (NP)
    • 24 cm.
336 -Typ zawartości [ , ]
    • a
    • Termin opisujący typ zawartości
    • Tekst
    • b
    • Kod określający zawartość
    • txt
    • 2
    • Źródło (terminu i kodu)
    • rdacontent
337 -Typ mediów [ , ]
    • a
    • Tryb odtwarzania
    • Bez urządzenia pośredniczącego
    • b
    • Kod typu mediów
    • n
    • 2
    • Źródło (terminu i kodu)
    • rdamedia
338 -Typ/rodzaj nośnika [ , ]
    • a
    • Hasło opisujące typ nośnika
    • Wolumin
    • b
    • Kod typu nośnika
    • nc
    • 2
    • Źródło (terminu i kodu)
    • rdacarrier
504 -Uwaga dot. bibliogr. załącznikowej [ , ]
    • a
    • Uwaga dot. bibliografii załącznikowej
    • Indeks.
521 -Uwaga dot. przeznaczenia czytelniczego [8, ]
    • a
    • Uwaga dot. przeznaczenia czytelniczego
    • Skrypt dla studiujących zaocznie.
080 -Uniwersalna Klasyfikacja Dziesiętna [ , ]
    • a
    • Symbol klasyfikacji
    • 517(075.8)
650 -Hasło przedmiotowe [ ,7]
    • a
    • Hasło przedmiotowe
    • Analiza matematyczna
    • v
    • Określnik formalny
    • podręczniki akademickie.
    • 2
    • Źródło terminu
    • kaba
    • 9
    • KHW
    • 354196
710 -Hasło dodatkowe - nazwa ciała zbiorowego [2, ]
    • a
    • Nazwa ciała zbiorowego lub nazwa geograficzna jako pierwszy element (NP)
    • Uniwersytet Szczeciński.
    • b
    • Nazwa jednostki podrzędnej (P)
    • Wydawnictwo Naukowe.
    • 4
    • Kod relacji
    • pbl
    • 9
    • KHW
    • 51208
Status udost. Sygnatura Numer inwentarzowy Lokalizacja Data inwentaryzacji
-2 E.61013BE1995-11-21
2 S.74154BE1995-11-21
2 S.74155BE1995-11-21
2 S.74156BE1995-11-21
2 S.74157BE1995-11-21
2 S.74158BE1995-11-21
2 S.74159BE1995-11-21
2 S.74160BE1995-11-21
2 S.74161BE1995-11-21
2 S.74162BE1995-11-21
2 S.74163BE1995-11-21
2 S.74164BE1995-11-21
2 S.74165BE1995-11-21
2 S.74166BE1995-11-21
-3 S.87125BE2000-11-03
2W.184015W.184015BG1995-11-21
-9W.184015W.184016BG1995-11-21
-9W.184015W.184017BG1995-11-21
-9W.184015W.184019BG1995-11-21
-9W.184015W.184018BG1995-11-21
-3Z.85954Z.85954BG1995-11-21
1 N.15786BG1995-11-21
1 N.15787BG1995-11-21
1 N.15788BG1995-11-21
1 N.15913BG1995-11-21
-3 TS.74167T1995-11-21
-11 TS.74168T1995-11-21
-11 TS.74169T1995-11-21
-11 TS.74170T1995-11-21
-11 TS.74171T1995-11-21
-11 TS.74172T1995-11-21
-11 TS.74173T1995-11-21
-3 T.8150T2004-09-23